Knowledge, learning, and routines; routines volume II (Record no. 227083)

MARC details
000 -LEADER
fixed length control field 00785nam a2200241Ia 4500
008 - FIXED-LENGTH DATA ELEMENTS--GENERAL INFORMATION
fixed length control field 191130s2003##################000#0#eng##
020 ## - INTERNATIONAL STANDARD BOOK NUMBER
ISBN 1840648058
082 ## - DEWEY DECIMAL CLASSIFICATION NUMBER
Classification number 302.35 LAZ
245 ## - TITLE STATEMENT
Title Knowledge, learning, and routines; routines volume II
Statement of responsibility, etc edited by Nathalie Lazaric and Edward Lorenz
260 ## - PUBLICATION, DISTRIBUTION, ETC. (IMPRINT)
Place of publication Cheltenham, UK ; Northampton, MA, USA
Name of publisher Edward Elgar Pub
Year of publication c2003
300 ## - PHYSICAL DESCRIPTION
Number of Pages 2 v. : ill. ; 25 cm
500 ## - GENERAL NOTE
General note Includes bibliographical references and index
650 ## - SUBJECT ADDED ENTRY--TOPICAL TERM
Topical Term Intellectual capital
Topical Term Organizational behavior
Topical Term Organizational learning
700 ## - ADDED ENTRY--PERSONAL NAME
Personal name Lazaric, Nathalie
Personal name Lorenz, Edward
991 ## -
-- 17985
Holdings
Withdrawn status Lost status Damaged status Not for loan Home library Current library Shelving location Date acquired Full call number Accession Number Price effective from Koha item type
        Anna Centenary Library Anna Centenary Library 3RD FLOOR, B WING 13.10.2020 302.35 LAZ 343238 13.10.2020 English Books

Find us on the map